The Value of sharing : (Record no. 102847)
[ view plain ]
| 000 -LEADER | |
|---|---|
| fixed length control field | 00902nam a2200229 a 4500 |
| 005 - DATE AND TIME OF LATEST TRANSACTION | |
| control field | 20140412111244.0 |
| 008 - FIXED-LENGTH DATA ELEMENTS--GENERAL INFORMATION | |
| fixed length control field | 001111s19uu xx 00 eng d |
| 020 ## - INTERNATIONAL STANDARD BOOK NUMBER | |
| International Standard Book Number | 0-916-392-28-7 |
| 050 ## - LIBRARY OF CONGRESS CALL NUMBER | |
| Classification number | REF 303.3 |
| Item number | J63 1978 |
| 100 ## - MAIN ENTRY--PERSONAL NAME | |
| Personal name | Johnson, Spencer |
| 245 ## - TITLE STATEMENT | |
| Title | The Value of sharing : |
| Remainder of title | the story of the Mayo brothers / |
| Statement of responsibility, etc | Spencer Johnson ; illustrated by Steve Pillegi. |
| 260 ## - PUBLICATION, DISTRIBUTION, ETC. (IMPRINT) | |
| Place of publication, distribution, etc | La Jolla, CA : |
| Name of publisher, distributor, etc | Value Comm., Inc. Pub, |
| Date of publication, distribution, etc | 1978. |
| 300 ## - PHYSICAL DESCRIPTION | |
| Extent | 63 p. ; col. ; ill. |
| 440 ## - SERIES STATEMENT/ADDED ENTRY--TITLE | |
| Title | A Value Tale Series |
| 520 ## - SUMMARY, ETC. | |
| Summary, etc | The Mayo brothers, knowing the importance of sharing, enter a career in which they can share their knowledge and skills, and money with sick people and other doctors. |
| 650 ## - SUBJECT ADDED ENTRY--TOPICAL TERM | |
| Topical term or geographic name as entry element | May, Charles Horace, 1865-1939 |
| 650 ## - SUBJECT ADDED ENTRY--TOPICAL TERM | |
| Topical term or geographic name as entry element | Mayo, William James, 1861-1939 |
| 650 ## - SUBJECT ADDED ENTRY--TOPICAL TERM | |
| Topical term or geographic name as entry element | Sharing |
| 650 ## - SUBJECT ADDED ENTRY--TOPICAL TERM | |
| Topical term or geographic name as entry element | Surgeon--Minnesota--Rochester--Biography |
| 650 ## - SUBJECT ADDED ENTRY--TOPICAL TERM | |
| Topical term or geographic name as entry element | Physicians |
| Withdrawn status | Lost status | Damaged status | Home library | Current library | Shelving location | Date acquired | Source of acquisition | Total Checkouts | Full call number | Barcode | Date last seen | Price effective from | Koha item type |
|---|---|---|---|---|---|---|---|---|---|---|---|---|---|
| Elizalde Library | Elizalde Library | Reference Section | 11/11/2000 | REF 303.3 J63 1978 | E2995 | 04/12/2014 | 04/12/2014 | Books |